Slovakia according to Wikipedia - Statistics

General Stats
  • This quiz has been taken 156 times
  • The average score is 15 of 18
Answer Stats
Hint Answer % Correct
Czech Republic
100%
Country combines with Slovakia to make Czechoslovakia Czech Republic
100%
First groups of settlers Slavs
100%
Largest ethnic groups Slovaks
100%
Official language Slovak
99%
Capital and largest city Bratislava
98%
Bordering countries Poland
94%
Hungary
93%
Austria
92%
Ukraine
92%
Second largest city Kosice
91%
Hungarians
82%
Hungarians
82%
Slovakia in it's own language Slovensko
80%
Romani
69%
Germans
50%
Biggest National Park Tatra
50%
Event that split the two above Velvet Revolution
44%
No matching quizzes found
Score Distribution
Percent of People with Each Score
Percentile by Number Answered
Your Score History
You have not taken this quiz